Human rights. (Record no. 901)
[ view plain ]
| 000 -LEADER | |
|---|---|
| fixed length control field | 00532cam a2200217ua 4500 |
| 001 - CONTROL NUMBER | |
| control field | 982 |
| 005 - DATE AND TIME OF LATEST TRANSACTION | |
| control field | 20260515113243.0 |
| 008 - FIXED-LENGTH DATA ELEMENTS--GENERAL INFORMATION | |
| fixed length control field | 110425n ii |||gr||||Z||||||eng |
| 020 ## - INTERNATIONAL STANDARD BOOK NUMBER | |
| International Standard Book Number | 81-87606-47-9 |
| 040 ## - CATALOGING SOURCE | |
| Transcribing agency | MAIN |
| 082 ## - DEWEY DECIMAL CLASSIFICATION NUMBER | |
| Classification number | 323.4 |
| 245 1# - TITLE STATEMENT | |
| Title | Human rights. |
| Statement of responsibility, etc. | By Adil-ul-Yasin. |
| 250 ## - EDITION STATEMENT | |
| Edition statement | 1st. |
| 260 ## - PUBLICATION, DISTRIBUTION, ETC. | |
| Place of publication, distribution, etc. | New Delhi.: |
| Name of publisher, distributor, etc. | Akansha publishing., |
| Date of publication, distribution, etc. | 2004. |
| 300 ## - PHYSICAL DESCRIPTION | |
| Extent | 213 p.: |
| Dimensions | 20 cm. |
| 653 ## - INDEX TERM--UNCONTROLLED | |
| Uncontrolled term | Political science. |
| 653 ## - INDEX TERM--UNCONTROLLED | |
| Uncontrolled term | Human rights. |
| 700 1# - ADDED ENTRY--PERSONAL NAME | |
| Personal name | Yasin, Adil-ul., |
| 700 1# - ADDED ENTRY--PERSONAL NAME | |
| Personal name | Upadhyay, Archana., |
| 942 ## - ADDED ENTRY ELEMENTS (KOHA) | |
| Koha item type | Books |
| Withdrawn status | Lost status | Damaged status | Not for loan | Home library | Current library | Shelving location | Date acquired | Total checkouts | Full call number | Barcode | Date last seen | Date last checked out | Copy number | Price effective from | Koha item type |
|---|---|---|---|---|---|---|---|---|---|---|---|---|---|---|---|
| Naharkatiya College Library | Naharkatiya College Library | General stacks | 09/19/2020 | 1 | 323.4 | YAS | 1659 | 08/23/2021 | 08/09/2021 | 1 | 09/19/2020 | Books |